Yedi başlı ejderhanın başından geçen çok acayip şeyler / (Kayıt no. 23386)

MARC ayrıntıları
000 -BAŞLIK
Sabit Uzunluktaki Kontrol Alanı 00656nam a22001937a 4500
003 - KONTROL NUMARASI KİMLİĞİ
Kontrol Alanı koha_MIRAKIL
005 - EN SON İŞLEM TARİHİ ve ZAMANI
Kontrol Alanı 20260225132849.0
008 - SABİT UZUNLUKTAKİ VERİ ÖGELERİ - GENEL BİLGİ
Sabit Alan 260225b tur||||| |||| 00| 0 tur d
020 ## - ISBN - ULUSLARARASI STANDART KİTAP NUMARASI
Isbn 9786253692445
040 ## - KATALOGLAMA KAYNAĞI
Özgün Kataloglama Kurumu TR-IsEVY
Kataloglama Dili tur
Çeviri Kurumu TR-IsEVY
082 ## - DEWEY ONU SINIFLAMA SİSTEMİ
Sınıflama Numarası FIC ÖZD/Y
100 ## - KİŞİ ADI
Yazar Adı (Kişi adı) Özdem, Filiz
245 #0 - ESER ADI BİLDİRİMİ
Başlık Yedi başlı ejderhanın başından geçen çok acayip şeyler /
Sorumluluk Bildirimi Filiz Özdem ; resimleyen Mert Tugen.
260 ## - YAYIN, DAĞITIM, VB.
Yayın Yeri İstanbul :
Yayınevi Everest Çocuk Yayınları,
Yayın Tarihi 2024.
300 ## - FİZİKSEL TANIMLAMA
Sayfa, Cilt vb. 111 s. :
Diğer fiziki detaylar renkli resimli ;
Boyutları 19 cm.
650 ## - KONU BAŞLIĞI EK GİRİŞ - KONU TERİMİ
Konusal terim veya coğrafi ad Çocuk Edebiyatı.
Alt başlık biçimi Çocuk Masalları.
Genel Alt Konu Masallar.
700 1# - EK GİRİŞ - KİŞİ ADI
Yazar Adı (Kişi adı) Tugen, Mert.
Ünvan resimleyen.
942 ## - EK GİRİŞ ÖGELERİ (KOHA)
Source of classification or shelving scheme Dewey Decimal Classification
Koha item type Kitap
Mevcut
Kayıp Durumu Sınıflandırma Kaynağı Hasarlı Durumu Koleksiyon Kodu Kalıcı Konum Mevcut Konum Kayıt Tarih Edinim Kaynağı Toplam Ödünçverme Yer Numarası Demirbaş Numarası Son Görülme Tarihi Fatura Tarihi Materyal Türü
  Dewey Decimal Classification   İlkokul İLKOKUL KÜTÜPHANESİ İLKOKUL KÜTÜPHANESİ 25/02/2026 Bağış   FIC ÖZD/Y 24982 25/02/2026 25/02/2026 Kitap